| 000 | 00404nam a2200157Ia 4500 | ||
|---|---|---|---|
| 003 | LK-CoDNM | ||
| 008 | 010623t1982 xxu||||| |||| 00| 1 eng d | ||
| 040 |
_aLK-CoDNM _dLK-CoDNM _eLK-CoDNM |
||
| 041 | _aeng | ||
| 080 | _ax Polonnaruwa-SRI | ||
| 245 | _aA Guide to Polonnaruwa | ||
| 260 |
_bMinistry of cultural affairs _aSri Lanka _c1982 |
||
| 300 | _b55, 22 cm | ||
| 650 | _aPolonnaruwa | ||
| 942 | _cBK | ||
| 999 |
_c111751 _d111751 |
||